[Event "GER AM05-B email"]
[Site "GER email"]
[Date "2019.06.19"]
[Round "?"]
[White "Krzyzanowski, Wojciech"]
[Black "Schaefer, Uwe"]
[Result "1/2-1/2"]
[WhiteElo "2493"]
[BlackElo "2473"]
[PlyCount "46"]
[EventDate "2019.??.??"]
[EventType "tourn (corr)"]
[EventRounds "14"]
[EventCountry "GER"]
[SourceTitle "Corr 2022"]
[Source "ChessBase"]
[SourceDate "2021.10.24"]
[SourceVersion "1"]
[SourceVersionDate "2021.10.24"]
[SourceQuality "1"]

1. e4 c5 2. Nf3 d6 3. d4 cxd4 4. Nxd4 Nf6 5. Nc3 a6 6. f3 e5 7. Nb3 Be6 8. Be3 h5 9. Nd5 Bxd5 10. exd5 Nbd7 11. Qd2 g6 12. 0-0-0 Nb6 13. Kb1 Nfxd5 14. Bg5 Be7 15. Bxe7 Qxe7 16. c4 Nf6 17. Qxd6 Qxd6 18. Rxd6 Nbd7 19. Na5 Ke7 20. Rd1 Ra7 21. Bd3 Rc8 22. Nb3 b6 23. Rhe1 Rac7 1/2-1/2

[Event "GER AM05-B email"]
[Site "GER email"]
[Date "2019.06.19"]
[Round "?"]
[White "Nekhaev, Andrey Ivanovich"]
[Black "Schaefer, Uwe"]
[Result "1/2-1/2"]
[WhiteElo "2470"]
[BlackElo "2473"]
[PlyCount "115"]
[EventDate "2019.??.??"]
[EventType "tourn (corr)"]
[EventRounds "14"]
[EventCountry "GER"]
[SourceTitle "Corr 2022"]
[Source "ChessBase"]
[SourceDate "2021.10.24"]
[SourceVersion "1"]
[SourceVersionDate "2021.10.24"]
[SourceQuality "1"]

1. e4 c5 2. Nf3 d6 3. d4 cxd4 4. Nxd4 Nf6 5. Nc3 a6 6. f3 e5 7. Nb3 Be6 8. Be3 h5 9. Nd5 Bxd5 10. exd5 Nbd7 11. Qd2 g6 12. Be2 Bg7 13. 0-0 b6 14. c4 0-0 15. Rae1 Re8 16. Kh1 Rc8 17. Bg5 Qc7 18. Bd3 Nh7 19. Be3 Nhf6 20. Qd1 a5 21. Bg1 Bh6 22. Nd2 Nc5 23. Bc2 Kg7 24. Bf2 Ncd7 25. Bd3 Nc5 26. Bb1 Na4 27. Qxa4 Bxd2 28. Rd1 Bb4 29. Bd3 Bc5 30. Be1 h4 31. Bxh4 Nh5 32. Be1 Rh8 33. g3 Rh6 34. Rd2 Bb4 35. Qd1 Bxd2 36. Qxd2 f5 37. Kg2 Qe7 38. Bf2 Rh7 39. Rh1 Rch8 40. h4 Kg8 41. b3 Qf6 42. Bc2 Kf7 43. a4 Re8 44. Rh2 Kg8 45. Rh1 Rg7 46. Qg5 e4 47. Qxf6 exf3+ 48. Kxf3 Nxf6 49. Bd4 Rf7 50. Rd1 Ng4 51. h5 g5 52. Rd2 Ne5+ 53. Kg2 f4 54. Bxb6 f3+ 55. Kf1 Ref8 56. Bd4 Ng4 57. Bg6 Re7 58. h6 1/2-1/2

[Event "GER-ch48 final email"]
[Site "GER email"]
[Date "2018.09.24"]
[Round "?"]
[White "Bellmann, Herbert"]
[Black "Schaefer, Uwe"]
[Result "1/2-1/2"]
[WhiteElo "2465"]
[BlackElo "2460"]
[PlyCount "65"]
[EventDate "2018.??.??"]
[EventType "tourn (corr)"]
[EventRounds "14"]
[EventCountry "GER"]
[SourceTitle "Corr 2020"]
[Source "ChessBase"]
[SourceDate "2019.09.30"]
[SourceVersion "1"]
[SourceVersionDate "2019.09.30"]
[SourceQuality "1"]

1. e4 c5 2. Nf3 d6 3. d4 cxd4 4. Nxd4 Nf6 5. Nc3 a6 6. h3 e5 7. Nde2 h5 8. Be3 Nbd7 9. a4 Qa5 10. Bd2 Qb6 11. Nc1 Nc5 12. Bd3 Be6 13. 0-0 Rc8 14. Qf3 Be7 15. a5 Qc6 16. Be3 Rd8 17. Rd1 h4 18. Re1 Rd7 19. Bg5 d5 20. exd5 Nxd5 21. Bxe7 Nxe7 22. Rxe5 Qxf3 23. gxf3 Nxd3 24. Nxd3 Nc6 25. Re4 0-0 26. Kg2 Bf5 27. Nc5 Rd2 28. Rxh4 Rxc2 29. Nxb7 Rb8 30. Nd6 Be6 31. Nd1 Rb3 32. Ne4 Bd7 33. Nec3 1/2-1/2

[Event "GER-ch48 final email"]
[Site "GER email"]
[Date "2018.09.24"]
[Round "?"]
[White "Hanel, Roland"]
[Black "Schaefer, Uwe"]
[Result "1/2-1/2"]
[WhiteElo "2348"]
[BlackElo "2460"]
[PlyCount "44"]
[EventDate "2018.??.??"]
[EventType "tourn (corr)"]
[EventRounds "14"]
[EventCountry "GER"]
[SourceTitle "Corr 2020"]
[Source "ChessBase"]
[SourceDate "2019.09.30"]
[SourceVersion "1"]
[SourceVersionDate "2019.09.30"]
[SourceQuality "1"]

1. e4 c5 2. Nc3 Nc6 3. Nf3 g6 4. d4 cxd4 5. Nxd4 Bg7 6. Be3 Nf6 7. Bc4 0-0 8. Bb3 d6 9. f3 Bd7 10. Qd2 Nxd4 11. Bxd4 b5 12. a4 bxa4 13. Bxa4 Qc7 14. Bxd7 Qxd7 15. 0-0 Rfc8 16. Rfd1 Qb7 17. b3 Rc7 18. Ra2 Rac8 19. Ne2 a6 20. Kh1 e6 21. Rb2 Nd7 22. Bxg7 Kxg7 1/2-1/2

[Event "GER-ch48 final email"]
[Site "GER email"]
[Date "2018.09.24"]
[Round "?"]
[White "Schaefer, Uwe"]
[Black "Franke, Heiko"]
[Result "1/2-1/2"]
[WhiteElo "2460"]
[BlackElo "2393"]
[PlyCount "51"]
[EventDate "2018.??.??"]
[EventType "tourn (corr)"]
[EventRounds "14"]
[EventCountry "GER"]
[SourceTitle "Corr 2022"]
[Source "ChessBase"]
[SourceDate "2021.10.24"]
[SourceVersion "1"]
[SourceVersionDate "2021.10.24"]
[SourceQuality "1"]

1. d4 d5 2. c4 c6 3. Nf3 Nf6 4. Nc3 e6 5. Bg5 h6 6. Bh4 dxc4 7. e4 g5 8. Bg3 b5 9. Ne5 Nbd7 10. Be2 Bb7 11. 0-0 h5 12. Nxd7 Qxd7 13. Qc1 Rg8 14. Rd1 a6 15. b3 cxb3 16. axb3 Bb4 17. Na2 Be7 18. Qe3 Ng4 19. Bxg4 hxg4 20. b4 f5 21. Be5 0-0-0 22. exf5 exf5 23. d5 Rg6 24. Nc3 Bd6 25. Rac1 Qe8 26. dxc6 1/2-1/2